003870000a220010900045001000020000002450054000203000059000747730029001339420008001629520090001709990017002601 aPretiz, Paul E.10aWhere missionaries still needed in Latin America? aVol. 72, Num. 4 (Octubre-Diciembre, 1996), Página 90 tLatin America Evangelist cANA 001040708HEMaFUSBCbFUSBCd2016-01-26l0o r2016-01-26 00:00:00w2016-01-26yANA c54670d54670